| 000 | 01169nam a2200349 a 4500 | ||
|---|---|---|---|
| 999 |
_c470396 _d470396 |
||
| 003 | BLK | ||
| 005 | 20250128005515.0 | ||
| 008 | 200210b bu ||||| |||| 00| 0 bu d | ||
| 020 | _a9786190110224 | ||
| 020 | _a9789544113131 | ||
| 020 | _a978-619-01-1022-3 | ||
| 040 | _aBLK | ||
| 041 |
_aBUL _cBUL |
||
| 080 |
_aВътрешна политика. Вж и 329 _b323 _x(497.2) _z323(497.2) |
||
| 100 |
_aТодоров, Калин Станков _eпърви автор _91299 |
||
| 139 |
_aТодоров, Калин Станков _bТ 64 |
||
| 245 |
_aЗащо лаят краставите магарета _cКалин Тодоров |
||
| 257 | _aBGR | ||
| 260 |
_9210881 _aСофия _bИзток-Запад _c2022 |
||
| 260 |
_9209592 _bФакел _n978-954-411- |
||
| 300 |
_a119 с. _c20 см |
||
| 380 | _a3 | ||
| 650 | 0 |
_aБългария - вътрешна политика _9241559 |
|
| 653 | 7 |
_9194914 _aпублицистика |
|
| 852 |
_aЦб 315611 _bЦб |
||
| 856 |
_i0.00 _ldisable |
||
| 942 |
_2udc _cKNG _n0 _s1 _046 |
||
| 944 |
_k _lCRON CRON |
||
| 999 | _d470396 | ||
| 999 | _d470396 | ||
| 999 | _d470396 | ||